[Event "Turniej Blitza na II Lidze Juniorów 2018"]
[Site "Szczyrk, Poland"]
[Date "????.??.??"]
[Round "8.42"]
[White "Guzik, Michal"]
[Black "Krzyzosiak, Marta"]
[Result "0-1"]
[TimeControl "3'+2\""]
[WhiteElo "1292"]
[BlackElo "1461"]

1. e4 {[%clk 00:03:02]} {[%emt 00:00:01]} e5 {[%clk 00:03:03]} {[%emt
00:00:01]} 2. Nf3 {[%clk 00:03:03]} {[%emt 00:00:01]} Nc6 {[%clk 00:03:04]}
{[%emt 00:00:02]} 3. Bc4 {[%clk 00:03:04]} Nf6 {[%clk 00:03:03]} {[%emt
00:00:03]} 4. Ng5 {[%clk 00:03:06]} d5 {[%clk 00:03:03]} {[%emt 00:00:02]} 5.
exd5 {[%clk 00:03:07]} {[%emt 00:00:01]} Na5 {[%clk 00:03:04]} 6. Bb5+ {[%clk
00:03:08]} {[%emt 00:00:01]} c6 {[%clk 00:03:05]} 7. dxc6 {[%clk 00:03:10]}
{[%emt 00:00:01]} bxc6 {[%clk 00:03:05]} {[%emt 00:00:01]} 8. Qf3 {[%clk
00:03:11]} {[%emt 00:00:02]} Be7 {[%clk 00:03:05]} {[%emt 00:00:01]} 9. Bxc6+
{[%clk 00:03:05]} {[%emt 00:00:09]} Nxc6 {[%clk 00:03:04]} {[%emt 00:00:02]} 10.
Qxc6+ {[%clk 00:03:05]} Bd7 {[%clk 00:03:05]} {[%emt 00:00:02]} 11. Qf3 {[%clk
00:03:04]} {[%emt 00:00:01]} O-O {[%clk 00:03:04]} {[%emt 00:00:05]} 12. Nc3
{[%clk 00:03:04]} {[%emt 00:00:02]} Rc8 {[%clk 00:03:05]} 13. O-O {[%clk
00:03:04]} {[%emt 00:00:03]} Bc6 {[%clk 00:03:01]} {[%emt 00:00:05]} 14. Qe2
{[%clk 00:03:02]} {[%emt 00:00:03]} Bb7 {[%clk 00:02:56]} {[%emt 00:00:07]} 15.
Qxe5 {[%clk 00:03:02]} {[%emt 00:00:03]} h6 {[%clk 00:02:56]} {[%emt 00:00:03]}
16. Nge4 {[%clk 00:03:03]} Nxe4 {[%clk 00:02:48]} {[%emt 00:00:10]} 17. Nxe4
{[%clk 00:03:04]} {[%emt 00:00:01]} Rc6 {[%clk 00:02:43]} {[%emt 00:00:06]} 18.
d3 {[%clk 00:03:02]} {[%emt 00:00:05]} Rg6 {[%clk 00:02:42]} {[%emt 00:00:02]}
19. Be3 {[%clk 00:02:40]} {[%emt 00:00:24]} f5 {[%clk 00:02:37]} {[%emt
00:00:08]} 20. Ng3 {[%clk 00:02:40]} {[%emt 00:00:01]} Bd6 {[%clk 00:02:31]}
{[%emt 00:00:07]} 21. Qc3 {[%clk 00:02:33]} {[%emt 00:00:10]} f4 {[%clk
00:02:31]} {[%emt 00:00:03]} 22. Qc4+ {[%clk 00:02:32]} {[%emt 00:00:03]} Kh8
{[%clk 00:02:28]} {[%emt 00:00:04]} 23. Bxa7 {[%clk 00:02:14]} {[%emt
00:00:20]} fxg3 {[%clk 00:02:23]} {[%emt 00:00:07]} 24. fxg3 {[%clk 00:02:14]}
{[%emt 00:00:02]} Re8 {[%clk 00:02:10]} {[%emt 00:00:15]} 25. Bc5 {[%clk
00:02:11]} {[%emt 00:00:05]} Re2 {[%clk 00:01:57]} {[%emt 00:00:14]} 26. Rf2
{[%clk 00:01:41]} {[%emt 00:00:33]} Rxf2 {[%clk 00:01:54]} {[%emt 00:00:06]} 27.
Bxf2 {[%clk 00:01:42]} Be5 {[%clk 00:01:45]} {[%emt 00:00:10]} 28. c3 {[%clk
00:01:37]} {[%emt 00:00:08]} Rc6 {[%clk 00:01:37]} {[%emt 00:00:09]} 29. Qe4
{[%clk 00:01:30]} {[%emt 00:00:08]} Qc7 {[%clk 00:01:18]} {[%emt 00:00:21]} 30.
d4 {[%clk 00:01:24]} {[%emt 00:00:09]} Bd6 {[%clk 00:01:10]} {[%emt 00:00:10]}
31. Qe8+ {[%clk 00:01:17]} {[%emt 00:00:09]} Kh7 {[%clk 00:01:10]} {[%emt
00:00:01]} 32. b4 {[%clk 00:01:00]} {[%emt 00:00:20]} Rxc3 {[%clk 00:01:08]}
{[%emt 00:00:04]} 33. a3 {[%clk 00:00:57]} {[%emt 00:00:06]} Rc2 {[%clk
00:00:59]} {[%emt 00:00:10]} 34. Qa4 {[%clk 00:00:55]} {[%emt 00:00:04]} Rd2
{[%clk 00:00:54]} {[%emt 00:00:07]} 35. Qb3 {[%clk 00:00:42]} {[%emt 00:00:15]}
Qc6 {[%clk 00:00:48]} {[%emt 00:00:08]} 36. Qf3 {[%clk 00:00:22]} {[%emt
00:00:22]} Qb5 {[%clk 00:00:41]} {[%emt 00:00:09]} 37. Qf5+ {[%clk 00:00:19]}
{[%emt 00:00:05]} Qxf5 {[%clk 00:00:36]} {[%emt 00:00:07]} 38. a4 {[%clk
00:00:14]} {[%emt 00:00:08]} Qe4 {[%clk 00:00:36]} {[%emt 00:00:02]} 0-1

[Event "Turniej Blitza na II Lidze Juniorów 2018"]
[Site "Szczyrk, Poland"]
[Date "????.??.??"]
[Round "8.6"]
[White "Posuniak, Weronika"]
[Black "Trembowiecka-Wysota, Aleksandra"]
[Result "1-0"]
[TimeControl "3'+2\""]
[WhiteElo "1808"]
[BlackElo "1571"]

1. d4 {[%clk 00:03:03]} {[%emt 00:00:01]} Nf6 {[%clk 00:03:04]} 2. c4 {[%clk
00:03:04]} c5 {[%clk 00:03:05]} {[%emt 00:00:01]} 3. d5 {[%clk 00:03:05]}
{[%emt 00:00:01]} e6 {[%clk 00:03:06]} 4. dxe6 {[%clk 00:03:06]} {[%emt
00:00:02]} fxe6 {[%clk 00:03:04]} {[%emt 00:00:03]} 5. Nc3 {[%clk 00:03:06]}
{[%emt 00:00:02]} d5 {[%clk 00:03:00]} {[%emt 00:00:06]} 6. e3 {[%clk
00:03:04]} {[%emt 00:00:04]} Be7 {[%clk 00:02:50]} {[%emt 00:00:13]} 7. Nf3
{[%clk 00:03:02]} {[%emt 00:00:04]} O-O {[%clk 00:02:50]} {[%emt 00:00:01]} 8.
b3 {[%clk 00:03:00]} {[%emt 00:00:05]} Qa5 {[%clk 00:02:43]} {[%emt 00:00:09]}
9. Bd2 {[%clk 00:02:58]} {[%emt 00:00:03]} Qd8 {[%clk 00:02:38]} {[%emt
00:00:08]} 10. Be2 {[%clk 00:02:52]} {[%emt 00:00:08]} a6 {[%clk 00:02:32]}
{[%emt 00:00:07]} 11. Bc1 {[%clk 00:02:46]} {[%emt 00:00:09]} Qa5 {[%clk
00:02:27]} {[%emt 00:00:06]} 12. Bd2 {[%clk 00:02:47]} {[%emt 00:00:02]} Qd8
{[%clk 00:02:28]} 13. O-O {[%clk 00:02:46]} {[%emt 00:00:02]} d4 {[%clk
00:02:23]} {[%emt 00:00:08]} 14. Na4 {[%clk 00:02:24]} {[%emt 00:00:24]} Nc6
{[%clk 00:02:20]} {[%emt 00:00:05]} 15. Re1 {[%clk 00:02:24]} {[%emt 00:00:03]}
e5 {[%clk 00:02:01]} {[%emt 00:00:20]} 16. Qc2 {[%clk 00:01:50]} {[%emt
00:00:35]} e4 {[%clk 00:02:00]} {[%emt 00:00:04]} 17. Ng5 {[%clk 00:01:51]}
{[%emt 00:00:01]} d3 {[%clk 00:02:00]} {[%emt 00:00:01]} 18. Bxd3 {[%clk
00:01:50]} {[%emt 00:00:03]} exd3 {[%clk 00:01:58]} {[%emt 00:00:05]} 19. Qb2
{[%clk 00:01:46]} {[%emt 00:00:06]} b5 {[%clk 00:01:48]} {[%emt 00:00:12]} 20.
cxb5 {[%clk 00:01:40]} {[%emt 00:00:08]} axb5 {[%clk 00:01:49]} 21. Nc3 {[%clk
00:01:41]} {[%emt 00:00:01]} Nb4 {[%clk 00:01:31]} {[%emt 00:00:20]} 22. Rf1
{[%clk 00:01:30]} {[%emt 00:00:12]} Nfd5 {[%clk 00:01:18]} {[%emt 00:00:16]} 23.
Nge4 {[%clk 00:01:28]} {[%emt 00:00:04]} Bf5 {[%clk 00:00:51]} {[%emt
00:00:29]} 24. Ng3 {[%clk 00:01:13]} {[%emt 00:00:17]} Bg6 {[%clk 00:00:48]}
{[%emt 00:00:05]} 25. Nxb5 {[%clk 00:01:10]} {[%emt 00:00:06]} Bf6 {[%clk
00:00:43]} {[%emt 00:00:08]} 26. Nc3 {[%clk 00:01:09]} {[%emt 00:00:02]} Rxa2
{[%clk 00:00:31]} {[%emt 00:00:13]} 27. Rxa2 {[%clk 00:01:06]} {[%emt
00:00:06]} Nxa2 {[%clk 00:00:32]} 28. Qxa2 {[%clk 00:01:02]} {[%emt 00:00:05]}
Nxc3 {[%clk 00:00:33]} {[%emt 00:00:01]} 29. Bxc3 {[%clk 00:00:44]} {[%emt
00:00:20]} Bxc3 {[%clk 00:00:34]} {[%emt 00:00:01]} 30. b4+ {[%clk 00:00:45]}
{[%emt 00:00:02]} Bf7 {[%clk 00:00:36]} 31. Qa3 {[%clk 00:00:36]} {[%emt
00:00:11]} cxb4 {[%clk 00:00:36]} {[%emt 00:00:02]} 32. Qa7 {[%clk 00:00:35]}
{[%emt 00:00:03]} d2 {[%clk 00:00:33]} {[%emt 00:00:04]} 33. Qa4 {[%clk
00:00:31]} {[%emt 00:00:06]} b3 {[%clk 00:00:31]} {[%emt 00:00:05]} 34. Qg4
{[%clk 00:00:32]} {[%emt 00:00:01]} Kh8 {[%clk 00:00:15]} {[%emt 00:00:18]} 35.
Ne4 {[%clk 00:00:32]} {[%emt 00:00:02]} Bf6 {[%clk 00:00:15]} {[%emt 00:00:02]}
36. Rd1 {[%clk 00:00:27]} {[%emt 00:00:07]} b2 {[%clk 00:00:14]} {[%emt
00:00:03]} 37. h3 {[%clk 00:00:24]} {[%emt 00:00:05]} Bg6 {[%clk 00:00:11]}
{[%emt 00:00:05]} 38. f3 {[%clk 00:00:15]} {[%emt 00:00:11]} Bxe4 {[%clk
00:00:10]} {[%emt 00:00:02]} 39. Qxe4 {[%clk 00:00:16]} Re8 {[%clk 00:00:07]}
{[%emt 00:00:05]} 40. Qc2 {[%clk 00:00:14]} {[%emt 00:00:05]} Rxe3 {[%clk
00:00:06]} {[%emt 00:00:03]} 41. Rxd2 {[%clk 00:00:14]} {[%emt 00:00:02]} b1=Q+
{[%emt 00:00:03]} 42. Qxb1 {[%clk 00:00:13]} {[%emt 00:00:02]} Qe8 {[%clk
00:00:06]} {[%emt 00:00:01]} 43. Rd1 {[%clk 00:00:14]} {[%emt 00:00:02]} h6
{[%clk 00:00:06]} {[%emt 00:00:02]} 44. Rf1 {[%clk 00:00:14]} Bd4 {[%clk
00:00:07]} {[%emt 00:00:02]} 45. Kh1 {[%clk 00:00:15]} {[%emt 00:00:01]} Re2
{[%clk 00:00:06]} {[%emt 00:00:03]} 46. Qd1 {[%clk 00:00:16]} {[%emt 00:00:01]}
Bf6 {[%clk 00:00:07]} {[%emt 00:00:01]} 47. Qc1 {[%clk 00:00:11]} {[%emt
00:00:07]} Bg5 {[%clk 00:00:08]} {[%emt 00:00:01]} 48. Qd1 {[%clk 00:00:12]}
Rd2 {[%clk 00:00:06]} {[%emt 00:00:04]} 49. Qb1 {[%clk 00:00:12]} {[%emt
00:00:02]} Qe2 {[%clk 00:00:06]} {[%emt 00:00:02]} 50. Qb8+ {[%clk 00:00:11]}
{[%emt 00:00:03]} Kh7 {[%clk 00:00:06]} {[%emt 00:00:02]} 51. Qb1+ {[%clk
00:00:11]} {[%emt 00:00:02]} Qd3 {[%clk 00:00:04]} {[%emt 00:00:04]} 52. Qe1
{[%clk 00:00:06]} {[%emt 00:00:07]} Re2 {[%clk 00:00:04]} {[%emt 00:00:02]} 53.
Qb1 {[%clk 00:00:05]} {[%emt 00:00:03]} Qxb1 {[%clk 00:00:04]} {[%emt
00:00:02]} 54. Rxb1 {[%clk 00:00:06]} Kg6 {[%clk 00:00:05]} 55. Rb5 {[%clk
00:00:07]} {[%emt 00:00:01]} Bf6 {[%clk 00:00:07]} 56. Kg1 {[%clk 00:00:07]}
{[%emt 00:00:03]} Bd4+ {[%clk 00:00:07]} 57. Kh1 {[%clk 00:00:07]} {[%emt
00:00:01]} Re1+ {[%clk 00:00:07]} {[%emt 00:00:02]} 58. Kh2 {[%clk 00:00:08]}
{[%emt 00:00:01]} Be5+ {[%clk 00:00:09]} 59. g3 {[%clk 00:00:06]} {[%emt
00:00:04]} Re2+ {[%clk 00:00:10]} 60. Kg1 {[%clk 00:00:07]} Bxg3 {[%clk
00:00:12]} {[%emt 00:00:01]} 61. Kf1 {[%clk 00:00:08]} Rd2 {[%clk 00:00:11]}
{[%emt 00:00:02]} 62. Ra5 {[%clk 00:00:05]} {[%emt 00:00:06]} h5 {[%clk
00:00:09]} {[%emt 00:00:04]} 63. Kg1 {[%clk 00:00:06]} {[%emt 00:00:01]} h4
{[%clk 00:00:10]} 64. Rb5 {[%clk 00:00:06]} {[%emt 00:00:02]} Rf2 {[%clk
00:00:10]} {[%emt 00:00:01]} 65. Rb3 {[%clk 00:00:07]} {[%emt 00:00:02]} Re2
{[%clk 00:00:10]} {[%emt 00:00:01]} 66. Rd3 {[%clk 00:00:08]} Kf5 {[%clk
00:00:11]} {[%emt 00:00:02]} 67. Rb3 {[%clk 00:00:08]} {[%emt 00:00:03]} Kf4
{[%clk 00:00:11]} {[%emt 00:00:02]} 68. Kf1 {[%clk 00:00:09]} {[%emt 00:00:01]}
Re3 {[%clk 00:00:11]} {[%emt 00:00:01]} 69. Rb7 {[%clk 00:00:08]} {[%emt
00:00:02]} Kxf3 {[%clk 00:00:11]} {[%emt 00:00:02]} 70. Rf7+ {[%clk 00:00:09]}
{[%emt 00:00:02]} Ke4 {[%clk 00:00:10]} {[%emt 00:00:02]} 71. Kg2 {[%clk
00:00:09]} {[%emt 00:00:03]} Re2+ {[%clk 00:00:11]} {[%emt 00:00:02]} 72. Kg1
{[%clk 00:00:09]} {[%emt 00:00:01]} Re1+ {[%clk 00:00:08]} {[%emt 00:00:05]} 73.
Kg2 {[%clk 00:00:10]} {[%emt 00:00:01]} Be5 {[%clk 00:00:06]} {[%emt 00:00:04]}
74. Rb7 {[%clk 00:00:10]} {[%emt 00:00:01]} Re2+ {[%clk 00:00:07]} {[%emt
00:00:02]} 75. Kf1 {[%clk 00:00:11]} Rh2 {[%clk 00:00:08]} 76. Rb3 {[%clk
00:00:12]} {[%emt 00:00:02]} Kf4 {[%clk 00:00:09]} {[%emt 00:00:01]} 77. Rb4+
{[%clk 00:00:13]} Kg5 {[%clk 00:00:07]} {[%emt 00:00:04]} 78. Rg4+ {[%clk
00:00:14]} {[%emt 00:00:01]} Kf5 {[%clk 00:00:07]} {[%emt 00:00:02]} 79. Rxh4
{[%clk 00:00:14]} {[%emt 00:00:02]} g5 {[%clk 00:00:08]} {[%emt 00:00:01]} 80.
Rh7 {[%clk 00:00:13]} {[%emt 00:00:03]} Kg6 {[%clk 00:00:09]} {[%emt 00:00:02]}
81. Re7 {[%clk 00:00:13]} {[%emt 00:00:01]} Bf6 {[%clk 00:00:10]} 82. Re3
{[%clk 00:00:13]} {[%emt 00:00:02]} Kf5 {[%clk 00:00:11]} 83. Rf3+ {[%clk
00:00:14]} Ke5 {[%clk 00:00:12]} 84. Kg1 {[%clk 00:00:15]} {[%emt 00:00:02]}
Ra2 {[%clk 00:00:13]} {[%emt 00:00:01]} 85. Re3+ {[%clk 00:00:16]} {[%emt
00:00:02]} Kf4 {[%clk 00:00:14]} {[%emt 00:00:01]} 86. Rb3 {[%clk 00:00:18]}
Ra4 {[%clk 00:00:14]} {[%emt 00:00:02]} 87. Kf1 {[%clk 00:00:19]} {[%emt
00:00:01]} Re4 {[%clk 00:00:12]} {[%emt 00:00:04]} 88. Kg2 {[%clk 00:00:20]}
{[%emt 00:00:01]} Re3 {[%clk 00:00:13]} 89. Rb4+ {[%clk 00:00:20]} {[%emt
00:00:01]} Re4 {[%clk 00:00:14]} {[%emt 00:00:01]} 90. Rb3 {[%clk 00:00:22]}
{[%emt 00:00:01]} Be5 {[%clk 00:00:15]} {[%emt 00:00:01]} 91. Rf3# {[%clk
00:03:02]} {[%emt 00:00:06]} 1-0

[Event "Turniej Blitza na II Lidze Juniorów 2018"]
[Site "Szczyrk, Poland"]
[Date "????.??.??"]
[Round "8.27"]
[White "Burdzicki, Stanislaw"]
[Black "Kaliszuk, Kamil"]
[Result "1-0"]
[TimeControl "3'+2\""]
[WhiteElo "1384"]
[BlackElo "1590"]

1. d4 {[%clk 00:03:03]} d5 {[%clk 00:03:04]} 2. c4 {[%clk 00:03:04]} {[%emt
00:00:01]} e6 {[%clk 00:03:04]} {[%emt 00:00:02]} 3. Nc3 {[%clk 00:03:05]}
{[%emt 00:00:01]} Bb4 {[%clk 00:03:04]} {[%emt 00:00:02]} 4. Nf3 {[%clk
00:02:58]} {[%emt 00:00:09]} Nf6 {[%clk 00:03:05]} {[%emt 00:00:02]} 5. Bg5
{[%clk 00:02:58]} {[%emt 00:00:01]} h6 {[%clk 00:03:00]} {[%emt 00:00:07]} 6.
Bxf6 {[%clk 00:02:57]} {[%emt 00:00:03]} Qxf6 {[%clk 00:02:59]} {[%emt
00:00:02]} 7. e3 {[%clk 00:02:56]} {[%emt 00:00:04]} Nd7 {[%clk 00:02:50]}
{[%emt 00:00:11]} 8. Rc1 {[%clk 00:02:50]} {[%emt 00:00:08]} b6 {[%clk
00:02:44]} {[%emt 00:00:09]} 9. cxd5 {[%clk 00:02:50]} {[%emt 00:00:01]} exd5
{[%clk 00:02:41]} {[%emt 00:00:04]} 10. a3 {[%clk 00:02:44]} {[%emt 00:00:09]}
Bxc3+ {[%clk 00:02:41]} {[%emt 00:00:02]} 11. Rxc3 {[%clk 00:02:45]} Qd6 {[%clk
00:02:27]} {[%emt 00:00:16]} 12. Bd3 {[%clk 00:02:43]} {[%emt 00:00:04]} O-O
{[%clk 00:02:22]} {[%emt 00:00:06]} 13. Bb1 {[%clk 00:02:43]} {[%emt 00:00:03]}
c5 {[%clk 00:02:19]} {[%emt 00:00:06]} 14. O-O {[%clk 00:02:35]} {[%emt
00:00:09]} Ba6 {[%clk 00:02:20]} {[%emt 00:00:02]} 15. Bd3 {[%clk 00:02:30]}
{[%emt 00:00:06]} c4 {[%clk 00:02:09]} {[%emt 00:00:13]} 16. Bb1 {[%clk
00:02:29]} {[%emt 00:00:03]} Nf6 {[%clk 00:02:09]} {[%emt 00:00:02]} 17. Ne5
{[%clk 00:02:30]} {[%emt 00:00:01]} b5 {[%clk 00:01:59]} {[%emt 00:00:13]} 18.
Qc2 {[%clk 00:02:23]} {[%emt 00:00:08]} Ne4 {[%clk 00:01:52]} {[%emt 00:00:09]}
19. f3 {[%clk 00:02:21]} {[%emt 00:00:04]} Nf6 {[%clk 00:01:50]} {[%emt
00:00:04]} 20. Ng4 {[%clk 00:02:13]} {[%emt 00:00:09]} g6 {[%clk 00:01:43]}
{[%emt 00:00:10]} 21. Nxh6+ {[%clk 00:02:06]} {[%emt 00:00:09]} Kg7 {[%clk
00:01:42]} {[%emt 00:00:01]} 22. Ng4 {[%clk 00:02:03]} {[%emt 00:00:06]} Nxg4
{[%clk 00:01:43]} {[%emt 00:00:02]} 23. fxg4 Rh8 24. h3 {[%clk 00:01:53]}
{[%emt 00:00:13]} Rae8 {[%clk 00:01:44]} {[%emt 00:00:03]} 25. Rf3 {[%clk
00:01:50]} {[%emt 00:00:04]} Bc8 {[%clk 00:01:35]} {[%emt 00:00:12]} 26. Qf2
{[%clk 00:01:40]} {[%emt 00:00:12]} Re7 {[%clk 00:01:34]} {[%emt 00:00:03]} 27.
g5 {[%clk 00:01:26]} {[%emt 00:00:16]} a5 {[%clk 00:01:19]} {[%emt 00:00:17]}
28. Rf6 {[%clk 00:01:26]} {[%emt 00:00:01]} Qd7 {[%clk 00:01:20]} {[%emt
00:00:02]} 29. Rc1 {[%clk 00:01:20]} {[%emt 00:00:08]} b4 {[%clk 00:01:11]}
{[%emt 00:00:12]} 30. axb4 {[%clk 00:01:06]} {[%emt 00:00:16]} axb4 {[%clk
00:01:12]} 31. Rf1 {[%clk 00:01:07]} Kh7 {[%clk 00:00:19]} {[%emt 00:00:56]} 32.
Rxf7+ {[%clk 00:00:43]} {[%emt 00:00:25]} Rxf7 {[%clk 00:00:20]} 33. Qxf7+
{[%clk 00:00:44]} {[%emt 00:00:01]} Qxf7 {[%clk 00:00:21]} {[%emt 00:00:01]} 34.
Rxf7+ {[%clk 00:00:45]} Kg8 {[%clk 00:00:22]} {[%emt 00:00:01]} 35. Ra7 {[%clk
00:00:37]} {[%emt 00:00:10]} Bf5 {[%clk 00:00:17]} {[%emt 00:00:08]} 36. Bxf5
{[%clk 00:00:34]} {[%emt 00:00:04]} gxf5 {[%clk 00:00:18]} 37. Rb7 {[%clk
00:00:34]} {[%emt 00:00:02]} Kf8 {[%clk 00:00:15]} {[%emt 00:00:04]} 38. Rxb4
{[%clk 00:00:35]} {[%emt 00:00:02]} Ke7 {[%clk 00:00:17]} 39. Rb7+ {[%clk
00:00:33]} {[%emt 00:00:04]} Kd6 {[%clk 00:00:18]} 40. Rb6+ {[%clk 00:00:34]}
Kd7 {[%clk 00:00:18]} {[%emt 00:00:01]} 41. g6 {[%clk 00:00:34]} {[%emt
00:00:03]} Kc7 {[%clk 00:00:18]} {[%emt 00:00:02]} 42. Rf6 {[%clk 00:00:32]}
{[%emt 00:00:04]} Rb8 {[%clk 00:00:18]} {[%emt 00:00:02]} 43. Rf7+ {[%clk
00:00:33]} Kd6 {[%clk 00:00:18]} {[%emt 00:00:02]} 44. g7 {[%clk 00:00:34]}
{[%emt 00:00:01]} Rg8 {[%clk 00:00:19]} {[%emt 00:00:01]} 45. Rb7 {[%clk
00:00:35]} Kc6 {[%clk 00:00:19]} {[%emt 00:00:02]} 46. Ra7 {[%clk 00:00:34]}
{[%emt 00:00:02]} Kb6 {[%emt 00:00:01]} 47. Rf7 Kc6 {[%emt 00:00:01]} 48. h4
{[%emt 00:00:01]} Kd6 49. h5 {[%clk 00:00:36]} {[%emt 00:00:01]} Ke6 {[%clk
00:00:25]} {[%emt 00:00:02]} 50. Rb7 {[%clk 00:00:38]} {[%emt 00:00:01]} Kf6
{[%clk 00:00:26]} 51. h6 {[%clk 00:00:38]} {[%emt 00:00:02]} Kg6 {[%clk
00:00:28]} 52. Rb6+ {[%clk 00:00:36]} {[%emt 00:00:03]} Kh7 {[%clk 00:00:29]}
53. Rf6 {[%clk 00:00:37]} {[%emt 00:00:01]} Rb8 {[%clk 00:00:26]} {[%emt
00:00:05]} 54. Rf8 {[%clk 00:00:37]} {[%emt 00:00:02]} Rxf8 {[%clk 00:00:23]}
{[%emt 00:00:05]} 55. gxf8=Q {[%clk 00:00:37]} {[%emt 00:00:01]} Kg6 {[%clk
00:00:24]} 56. Qg7+ {[%clk 00:00:38]} {[%emt 00:00:02]} Kh5 {[%clk 00:00:26]}
57. h7 {[%clk 00:00:36]} {[%emt 00:00:02]} c3 {[%clk 00:00:27]} {[%emt
00:00:02]} 58. h8=R# {[%clk 00:00:36]} {[%emt 00:00:01]} 1-0

[ePGN "0.1;DGT LiveChess/2.2"]

[Event "Turniej Blitza na II Lidze Juniorów 2018"]
[Site "Szczyrk, Poland"]
[Date "????.??.??"]
[Round "9.9"]
[White "Lorenc, Marian"]
[Black "Laszczak, Przemyslaw"]
[Result "1-0"]
[TimeControl "3'+2\""]
[WhiteElo "1845"]
[BlackElo "1748"]

1. Nf3 {[%clk 00:03:02]} {[%emt 00:00:01]} Nf6 {[%clk 00:03:03]} {[%emt
00:00:02]} 2. c4 {[%clk 00:03:02]} {[%emt 00:00:02]} c6 {[%clk 00:03:04]}
{[%emt 00:00:01]} 3. g3 {[%clk 00:03:01]} {[%emt 00:00:03]} d5 {[%clk
00:03:05]} {[%emt 00:00:01]} 4. Bg2 {[%clk 00:03:01]} {[%emt 00:00:01]} g6
{[%clk 00:03:04]} {[%emt 00:00:03]} 5. O-O {[%clk 00:03:01]} {[%emt 00:00:02]}
Bg7 {[%clk 00:03:05]} {[%emt 00:00:02]} 6. cxd5 {[%clk 00:02:48]} {[%emt
00:00:14]} cxd5 {[%clk 00:03:06]} {[%emt 00:00:01]} 7. d4 {[%clk 00:02:49]} O-O
{[%clk 00:03:06]} {[%emt 00:00:02]} 8. Nc3 {[%clk 00:02:48]} {[%emt 00:00:03]}
Nc6 {[%clk 00:03:04]} {[%emt 00:00:05]} 9. Ne5 {[%clk 00:02:46]} {[%emt
00:00:04]} Be6 {[%clk 00:02:44]} {[%emt 00:00:22]} 10. f4 {[%clk 00:02:44]}
{[%emt 00:00:03]} Qb6 {[%clk 00:02:43]} {[%emt 00:00:04]} 11. e3 {[%clk
00:02:38]} {[%emt 00:00:07]} Rfd8 {[%clk 00:02:28]} {[%emt 00:00:17]} 12. Na4
{[%clk 00:02:26]} {[%emt 00:00:15]} Qc7 {[%clk 00:02:24]} {[%emt 00:00:05]} 13.
Nc5 {[%clk 00:02:26]} {[%emt 00:00:03]} Bc8 {[%clk 00:02:25]} {[%emt 00:00:01]}
14. Bd2 {[%clk 00:02:19]} {[%emt 00:00:09]} b6 {[%clk 00:02:26]} {[%emt
00:00:02]} 15. Ncd3 {[%clk 00:02:19]} Nxe5 {[%clk 00:02:10]} {[%emt 00:00:17]}
16. Nxe5 {[%clk 00:02:17]} {[%emt 00:00:04]} Ba6 {[%clk 00:02:11]} {[%emt
00:00:02]} 17. Rc1 {[%clk 00:02:12]} {[%emt 00:00:07]} Qb7 {[%clk 00:02:11]}
{[%emt 00:00:02]} 18. Re1 {[%clk 00:01:58]} {[%emt 00:00:15]} Rac8 {[%clk
00:02:09]} {[%emt 00:00:05]} 19. Qb3 {[%clk 00:01:50]} {[%emt 00:00:09]} e6
{[%clk 00:02:07]} {[%emt 00:00:05]} 20. Qa3 {[%clk 00:01:18]} {[%emt 00:00:35]}
Bf8 {[%clk 00:02:00]} {[%emt 00:00:09]} 21. Bb4 {[%clk 00:01:18]} {[%emt
00:00:01]} Rxc1 {[%clk 00:01:53]} {[%emt 00:00:08]} 22. Rxc1 {[%clk 00:01:18]}
{[%emt 00:00:02]} Rc8 {[%clk 00:01:40]} {[%emt 00:00:16]} 23. Rc3 {[%clk
00:01:08]} {[%emt 00:00:11]} Rxc3 {[%clk 00:01:24]} {[%emt 00:00:18]} 24. Qxc3
{[%clk 00:01:09]} {[%emt 00:00:02]} Qc8 {[%clk 00:01:22]} {[%emt 00:00:04]} 25.
Bxf8 {[%clk 00:01:02]} {[%emt 00:00:10]} Qxc3 {[%clk 00:01:12]} {[%emt
00:00:11]} 26. bxc3 {[%clk 00:01:02]} {[%emt 00:00:02]} Kxf8 {[%clk 00:01:13]}
27. Nc6 {[%clk 00:01:03]} {[%emt 00:00:01]} Bb5 {[%clk 00:01:00]} {[%emt
00:00:16]} 28. Nxa7 {[%clk 00:00:58]} {[%emt 00:00:06]} Bd7 {[%clk 00:01:00]}
{[%emt 00:00:02]} 29. Bf1 {[%clk 00:00:56]} {[%emt 00:00:04]} Ne4 {[%clk
00:00:59]} {[%emt 00:00:03]} 30. Bb5 {[%clk 00:00:49]} {[%emt 00:00:09]} Ke7
{[%clk 00:00:45]} {[%emt 00:00:16]} 31. Bxd7 {[%clk 00:00:47]} {[%emt
00:00:03]} Kxd7 {[%clk 00:00:46]} {[%emt 00:00:02]} 32. Nb5 {[%clk 00:00:48]}
Kc6 {[%clk 00:00:47]} {[%emt 00:00:01]} 33. a4 {[%clk 00:00:49]} {[%emt
00:00:01]} Nd2 {[%clk 00:00:42]} {[%emt 00:00:08]} 34. Na3 {[%clk 00:00:39]}
{[%emt 00:00:11]} Nc4 {[%clk 00:00:19]} {[%emt 00:00:25]} 35. Nxc4 {[%clk
00:00:39]} {[%emt 00:00:02]} dxc4 {[%clk 00:00:20]} {[%emt 00:00:02]} 36. e4
{[%clk 00:00:39]} {[%emt 00:00:01]} b5 {[%clk 00:00:21]} {[%emt 00:00:01]} 37.
axb5+ Kxb5 {[%clk 00:00:22]} 38. Kf2 {[%clk 00:00:41]} {[%emt 00:00:01]} Ka4
{[%clk 00:00:21]} {[%emt 00:00:03]} 39. Ke3 {[%clk 00:00:40]} {[%emt 00:00:03]}
f5 {[%clk 00:00:21]} {[%emt 00:00:03]} 40. d5 {[%clk 00:00:39]} {[%emt
00:00:03]} exd5 {[%clk 00:00:19]} {[%emt 00:00:03]} 41. exd5 {[%clk 00:00:39]}
{[%emt 00:00:02]} Kb5 {[%clk 00:00:16]} {[%emt 00:00:05]} 42. Kd4 {[%clk
00:00:40]} 1-0